[Event "Toronto Closed"]
[Site "Toronto CAN"]
[Date "2010.02.09"]
[Round "3"]
[White "Casareno, Erwin"]
[Black "Shebetah, Wajdy"]
[Result "1-0"]
[WhiteElo "2181"]
[BlackElo "2226"]
[PlyCount "131"]
[EventDate "2010.01.26"]
[EventType "tourn"]
[EventRounds "9"]
[EventCountry "CAN"]

1. e4 e6 2. d4 d5 3. Nc3 Nf6 4. e5 Nfd7 5. f4 c5 6. Nf3 Nc6 7. Be3 a6 8. Qd2 b5
9. a3 g5 10. Nxg5 cxd4 11. Bxd4 Nxd4 12. Qxd4 Bc5 13. Qd2 Qb6 14. Nd1 f6 15.
exf6 Nxf6 16. Bd3 Ra7 17. b4 Bd6 18. Nf3 O-O 19. g3 Ne4 20. Qe3 Qxe3+ 21. Nxe3
a5 22. Nd4 Nc3 23. Nc6 Rc7 24. Nxa5 e5 25. fxe5 Bxe5 26. Rf1 Rxf1+ 27. Nxf1 Ne4
28. Rb1 Bc3+ 29. Ke2 Bg4+ 30. Ke3 Bg7 31. Bxe4 dxe4 32. Kxe4 Bh6 33. Nb3 Rxc2
34. Nd4 Rc8 35. Nxb5 Rf8 36. Nd4 Bh3 37. b5 Bxf1 38. a4 Bg2+ 39. Kd3 Bg7 40. b6
Rd8 41. Rb4 Bb7 42. Ke3 Bh6+ 43. Kd3 Kf7 44. Kc4 Bf8 45. Rb1 Bd5+ 46. Kb5 Be4
47. Rf1+ Kg6 48. Rd1 Bg7 49. Kc4 Bc2 50. Rd2 Bxa4 51. b7 Rb8 52. Rb2 Bd7 53.
Rb6+ Kf7 54. Kd5 Bh3 55. Nc6 Bg2+ 56. Kd6 Bf8+ 57. Kc7 Bc5 58. Rb2 Bxc6 59.
Kxb8 Kg6 60. Kc7 Bxb7 61. Rxb7 Bg1 62. h3 Bh2 63. Rb3 h5 64. Kc6 h4 65. g4 Kg5
66. Rf3 1-0

[Event "Toronto Closed"]
[Site "Toronto CAN"]
[Date "2010.02.09"]
[Round "3"]
[White "Kleinman, Michael"]
[Black "Sapozhnikov, Roman"]
[Result "1-0"]
[WhiteElo "2154"]
[BlackElo "2456"]
[PlyCount "93"]
[EventDate "2010.01.26"]
[EventType "tourn"]
[EventRounds "9"]
[EventCountry "CAN"]

1. e4 c5 2. Nc3 Nc6 3. Bb5 Nd4 4. Bc4 e6 5. Nf3 Nf6 6. O-O a6 7. a4 Qc7 8. d3
Ng4 9. g3 Nxf3+ 10. Qxf3 Ne5 11. Qe2 d6 12. f4 Nc6 13. f5 Ne5 14. Bf4 Nxc4 15.
dxc4 Bd7 16. fxe6 fxe6 17. Bg5 Bc6 18. Qf3 Qd7 19. Rf2 g6 20. Rd1 Bg7 21. Rxd6
Rf8 22. Rxd7 Kxd7 23. Qf7+ Rxf7 24. Rxf7+ Kd6 25. Rxg7 Ke5 26. Bf4+ Kd4 27.
Rxh7 Kxc4 28. Re7 b5 29. Rxe6 Rc8 30. Be5 g5 31. Kf2 bxa4 32. Ke3 g4 33. Nb1 a3
34. b3+ Kb4 35. Bc3+ Kb5 36. Nxa3+ Kb6 37. Nc4+ Kc7 38. Re7+ Bd7 39. Ne5 Kd6
40. Rxd7+ Ke6 41. Ra7 c4 42. Rxa6+ Ke7 43. Bb4+ Ke8 44. Rh6 Kd8 45. Rh8+ Kc7
46. Rxc8+ Kxc8 47. Nxc4 1-0

[Event "Toronto Closed"]
[Site "Toronto CAN"]
[Date "2010.02.09"]
[Round "3"]
[White "Plotkin, Victor"]
[Black "Kimelman, Michael"]
[Result "1-0"]
[WhiteElo "2384"]
[BlackElo "2249"]
[PlyCount "64"]
[EventDate "2010.01.26"]
[EventType "tourn"]
[EventRounds "9"]
[EventCountry "CAN"]

1. Nf3 Nf6 2. d4 e6 3. g3 b6 4. Bg2 Bb7 5. O-O Be7 6. c4 O-O 7. Nc3 Bb4 8. Qb3
Bxc3 9. Qxc3 d6 10. Rd1 Nbd7 11. b3 Qe7 12. Bb2 Rfe8 13. a4 a5 14. Rac1 h6 15.
Ba3 Ne4 16. Qc2 f5 17. Nd2 Ndf6 18. Nxe4 Bxe4 19. Bxe4 Nxe4 20. f3 Nf6 21. Bb2
Nd7 22. Rf1 Rf8 23. e4 f4 24. Qg2 Qg5 25. Rce1 Rad8 26. Bc1 Qf6 27. Rd1 e5 28.
gxf4 exd4 29. Kh1 c5 30. h3 Rf7 31. Rg1 Kh7 32. f5 Ne5 1-0

[Event "Toronto Closed"]
[Site "Toronto CAN"]
[Date "2010.02.09"]
[Round "3"]
[White "Semyonov, Vladimir"]
[Black "Frilles, Ruperto"]
[Result "0-1"]
[WhiteElo "2053"]
[BlackElo "2192"]
[PlyCount "78"]
[EventDate "2010.01.26"]
[EventType "tourn"]
[EventRounds "9"]
[EventCountry "CAN"]

1. e4 d6 2. d4 g6 3. Nc3 Bg7 4. Bg5 h6 5. Be3 c6 6. Qd2 b5 7. Bd3 Nf6 8. h3
Nbd7 9. Nf3 a5 10. O-O g5 11. e5 dxe5 12. dxe5 Nd5 13. Nxd5 cxd5 14. Bxb5 e6
15. c4 Bb7 16. c5 Ba6 17. Bxa6 Rxa6 18. Rac1 Qc8 19. Bd4 O-O 20. Rc2 Nb8 21. b3
Nc6 22. a3 Qb8 23. Rb1 Ra7 24. b4 axb4 25. axb4 Rb7 26. Rcb2 Rb5 27. Qc3 Rd8
28. g3 Rd7 29. Ne1 Nxd4 30. Qxd4 Bxe5 31. Qd2 Bxb2 32. Rxb2 Ra7 33. Nf3 Ra4 34.
c6 Qd6 35. Nd4 Rb8 36. Qc2 Raxb4 37. Rxb4 Qxb4 38. c7 Rc8 39. Qc6 Qc4 0-1

[Event "Toronto Closed"]
[Site "Toronto CAN"]
[Date "2010.02.16"]
[Round "4"]
[White "Barron, Michael"]
[Black "Semyonov, Vladimir"]
[Result "1-0"]
[WhiteElo "2368"]
[BlackElo "2053"]
[PlyCount "77"]
[EventDate "2010.01.26"]
[EventType "tourn"]
[EventRounds "9"]
[EventCountry "CAN"]

1. e4 c6 2. d4 d5 3. Nd2 dxe4 4. Nxe4 Bf5 5. Ng3 Bg6 6. Nh3 e6 7. Nf4 Bd6 8. h4
Bxf4 9. Bxf4 h6 10. Bc4 Nf6 11. Ne2 Nbd7 12. Bb3 Nb6 13. f3 a5 14. a4 Nfd5 15.
Bg3 Qe7 16. Qd2 O-O 17. h5 Bh7 18. c4 Qb4 19. Qxb4 Nxb4 20. Kd2 Rfe8 21. Kc3
Na6 22. Rad1 Rad8 23. Rd2 Rd7 24. Rhd1 Kf8 25. Bf2 Nc8 26. Ng3 Nb4 27. Ne4 b6
28. g4 f6 29. Re1 Bxe4 30. fxe4 e5 31. c5 bxc5 32. dxe5 Rxd2 33. Bxc5+ Ne7 34.
Kxd2 Rd8+ 35. Kc3 Na6 36. Bb6 Rb8 37. Bxa5 fxe5 38. Rf1+ Ke8 39. Bf7+ 1-0

[Event "Toronto Closed"]
[Site "Toronto CAN"]
[Date "2010.02.16"]
[Round "4"]
[White "Frilles, Ruperto"]
[Black "Casareno, Erwin"]
[Result "1/2-1/2"]
[WhiteElo "2192"]
[BlackElo "2181"]
[PlyCount "93"]
[EventDate "2010.01.26"]
[EventType "tourn"]
[EventRounds "9"]
[EventCountry "CAN"]

1. c4 c5 2. Nc3 Nc6 3. g3 g6 4. Bg2 Bg7 5. d3 e6 6. e4 Nge7 7. Nge2 d6 8. O-O
O-O 9. Be3 Rb8 10. Qd2 Ne5 11. h3 N7c6 12. Rad1 Nb4 13. Nc1 Re8 14. N3e2 Qc7
15. b3 b6 16. d4 Nd7 17. a3 Na6 18. f4 Nf8 19. Kh2 Bb7 20. Nd3 Rbd8 21. Nf2 Nb8
22. g4 Nc6 23. g5 h5 24. gxh6 Bxh6 25. Ng4 Bg7 26. f5 exf5 27. exf5 gxf5 28.
Rxf5 Ne7 29. Rf2 Bxg2 30. Kxg2 Nfg6 31. Bh6 f5 32. Nh2 Nh4+ 33. Kf1 Neg6 34.
Bg5 Rc8 35. Nf3 Re4 36. Ng3 Nxf3 37. Rxf3 Rxd4 38. Qe2 Rxd1+ 39. Qxd1 Ne5 40.
Rxf5 Rf8 41. Qd5+ Kh7 42. Rxf8 Bxf8 43. Qe4+ Kg8 44. Nh5 Bg7 45. Qa8+ Kh7 46.
Qe4+ Kg8 47. Qa8+ 1/2-1/2

[Event "Toronto Closed"]
[Site "Toronto CAN"]
[Date "2010.02.16"]
[Round "4"]
[White "Kleinman, Michael"]
[Black "Calugar, Arthur"]
[Result "0-1"]
[WhiteElo "2154"]
[BlackElo "2340"]
[PlyCount "85"]
[EventDate "2010.01.26"]
[EventType "tourn"]
[EventRounds "9"]
[EventCountry "CAN"]

1. e4 c5 2. Nc3 Nc6 3. Bb5 Nd4 4. Bc4 e6 5. Nf3 Nf6 6. O-O a6 7. a4 Nxe4 8.
Nxe4 d5 9. Nxd4 cxd4 10. Bd3 dxe4 11. Bxe4 Bd6 12. f4 O-O 13. c3 Qb6 14. a5 Qc7
15. Qf3 f5 16. Bd3 e5 17. fxe5 Bxe5 18. h3 Be6 19. Ra4 Rad8 20. Qe2 Bd7 21. Rc4
Qd6 22. Rb4 Rde8 23. Bc4+ Kh8 24. Qd3 Bc6 25. Rb6 Qc7 26. cxd4 Be4 27. Qc3 Bg3
28. Be6 Qb8 29. d5 Rc8 30. Qe3 Rc2 31. b3 Bc7 32. Ba3 Re8 33. Bd7 Bh2+ 34. Kf2
Rxd2+ 35. Qxd2 Qg3+ 36. Ke2 Qxg2+ 37. Rf2 Bd3+ 38. Kxd3 Qe4+ 39. Kc3 Be5+ 40.
Qd4 Qxd4+ 41. Kc2 Qxf2+ 42. Kd3 Qf3+ 43. Kc4 0-1

[Event "Toronto Closed"]
[Site "Toronto CAN"]
[Date "2010.04.13"]
[Round "4"]
[White "Sapozhnikov, Roman"]
[Black "Kimelman, Michael"]
[Result "1-0"]
[WhiteElo "2456"]
[BlackElo "2249"]
[PlyCount "93"]
[EventDate "2010.01.26"]
[EventType "tourn"]
[EventRounds "9"]
[EventCountry "CAN"]

1. e4 c5 2. Nf3 e6 3. d4 cxd4 4. Nxd4 Nf6 5. Nc3 Nc6 6. Ndb5 d6 7. Bf4 e5 8.
Bg5 a6 9. Na3 b5 10. Nd5 Be7 11. Bxf6 Bxf6 12. c4 b4 13. Nc2 O-O 14. Ndxb4 Nxb4
15. Nxb4 Qa5 16. a3 Bb7 17. Bd3 Qb6 18. O-O Rab8 19. Rb1 Bg5 20. Na2 f5 21. Nc3
f4 22. Be2 Rbc8 23. Bg4 Rce8 24. Nd5 Qc5 25. Bd7 Qxc4 26. Bxe8 Qxe4 27. Bh5
Qxd5 28. Qxd5+ Bxd5 29. Rbd1 Bc4 30. Rfe1 Rd8 31. Bf3 Kf8 32. Be2 Bb3 33. Rd3
Be6 34. Bf3 Bf6 35. Bd5 Bf5 36. Rb3 e4 37. Kf1 Re8 38. Rb4 a5 39. Rb5 e3 40.
Bc4 Bg6 41. fxe3 fxe3 42. Ke2 Rc8 43. Bd3 Be8 44. Rxa5 Bxb2 45. Rf1+ Kg8 46.
Bf5 Bh5+ 47. g4 1-0

[Event "Toronto Closed"]
[Site "Toronto CAN"]
[Date "2010.02.16"]
[Round "4"]
[White "Shebetah, Wajdy"]
[Black "Plotkin, Victor"]
[Result "0-1"]
[WhiteElo "2226"]
[BlackElo "2384"]
[PlyCount "84"]
[EventDate "2010.01.26"]
[EventType "tourn"]
[EventRounds "9"]
[EventCountry "CAN"]

1. e4 e5 2. Nf3 Nf6 3. Nc3 Bb4 4. Bc4 Nc6 5. d3 d5 6. exd5 Nxd5 7. Bd2 Be6 8.
Nxd5 Bxd2+ 9. Qxd2 Bxd5 10. Bxd5 Qxd5 11. O-O O-O 12. Rfe1 Rad8 13. Qc3 Rfe8
14. h3 Re6 15. Qb3 Qxb3 16. axb3 a6 17. Ra4 f6 18. d4 b5 19. Rxa6 Nxd4 20. Rxe6
Nxe6 21. Ra1 Kf7 22. Ra7 Rd1+ 23. Kh2 Rc1 24. c3 Rc2 25. Rb7 Rxf2 26. Rxb5 Nf4
27. Rb7 Rxg2+ 28. Kh1 Rxb2 29. Rxc7+ Kg6 30. b4 Nxh3 31. Nh4+ Kg5 32. Ng2 g6
33. Rxh7 Nf2+ 34. Kg1 Ng4 35. Nh4 e4 36. Kf1 e3 37. Nf3+ Kf4 38. Nd4 f5 39. b5
Ke4 40. Rg7 Nh2+ 41. Kg1 Nf3+ 42. Nxf3 Kxf3 0-1

[Event "Toronto Closed"]
[Site "Toronto CAN"]
[Date "2010.03.02"]
[Round "5"]
[White "Calugar, Arthur"]
[Black "Sapozhnikov, Roman"]
[Result "0-1"]
[WhiteElo "2340"]
[BlackElo "2456"]
[PlyCount "146"]
[EventDate "2010.01.26"]
[EventType "tourn"]
[EventRounds "9"]
[EventCountry "CAN"]

1. e4 d5 2. exd5 Qxd5 3. Nc3 Qd6 4. d4 Nf6 5. Be2 c6 6. Be3 Nbd7 7. Qd2 Nb6 8.
a3 Bf5 9. Nf3 e6 10. Bf4 Qd8 11. O-O Bd6 12. Ne5 O-O 13. Bg3 Rc8 14. Bd3 Bxd3
15. Qxd3 Nh5 16. Rad1 Nxg3 17. hxg3 Bxe5 18. dxe5 Qxd3 19. Rxd3 Nc4 20. Rd7 Rb8
21. f4 Nxb2 22. Rb1 Nc4 23. a4 Nb6 24. Re7 Nd5 25. Nxd5 cxd5 26. Rc7 h5 27. c4
dxc4 28. Rxc4 Rfd8 29. Rc7 a6 30. a5 Rd5 31. Rbc1 Rxa5 32. Re7 Rb5 33. Rcc7 Rf8
34. Kf2 a5 35. Rxb7 Rxb7 36. Rxb7 Ra8 37. Rb3 a4 38. Ra3 Kh7 39. Kf3 g5 40. g4
Kg6 41. g3 Ra5 42. fxg5 Kxg5 43. gxh5 Kxh5 44. Kf4 Kg6 45. Kg4 Ra8 46. Kf4 Kh5
47. g4+ Kg6 48. Kf3 Kg5 49. Kg3 Ra7 50. Kf3 Ra5 51. Kg3 Ra6 52. Kf3 Ra7 53. Kg3
Ra5 54. Kf3 Ra8 55. Kg3 Ra7 56. Kf3 Ra5 57. Kg3 f6 58. exf6 Kxf6 59. Kh4 Ke7
60. Kg3 Kd6 61. Kh4 Kc5 62. g5 Kb4 63. Ra1 a3 64. g6 Kb3 65. g7 Ra8 66. Kg5 e5
67. Rh1 a2 68. Kf6 Rg8 69. Kxe5 Rxg7 70. Rh3+ Kb4 71. Rh4+ Kb5 72. Rh1 Ra7 73.
Ra1 Kb4 0-1

[Event "Toronto Closed"]
[Site "Toronto CAN"]
[Date "2010.02.23"]
[Round "5"]
[White "Casareno, Erwin"]
[Black "Barron, Michael"]
[Result "0-1"]
[WhiteElo "2181"]
[BlackElo "2368"]
[PlyCount "76"]
[EventDate "2010.01.26"]
[EventType "tourn"]
[EventRounds "9"]
[EventCountry "CAN"]

1. e4 e5 2. Nf3 Nc6 3. Bc4 Bc5 4. c3 Nf6 5. b4 Bb6 6. d3 d6 7. O-O O-O 8. Nbd2
h6 9. Bb3 a6 10. Nc4 Ba7 11. Qe2 Nh7 12. h3 Kh8 13. Ne3 Ne7 14. g4 Ng5 15. Nxg5
hxg5 16. Nf5 Ng6 17. Qf3 Nf4 18. Kh2 g6 19. Ng3 Kg7 20. Rh1 Rh8 21. Bxf4 gxf4
22. Ne2 Qh4 23. Kg2 Bd7 24. Rad1 Rh7 25. Rdg1 Rah8 26. Bd5 c6 27. Bc4 Bxg4 28.
hxg4 Qxh1+ 29. Rxh1 Rxh1 30. Ng1 R8h2+ 31. Kf1 Bxf2 32. Qxh1 Rxh1 33. Kxf2 Rh2+
34. Kf3 Rd2 35. d4 exd4 36. Kxf4 dxc3 37. Ke3 Rd1 38. Ne2 c2 0-1

[Event "Toronto Closed"]
[Site "Toronto CAN"]
[Date "2010.02.23"]
[Round "5"]
[White "Kimelman, Michael"]
[Black "Shebetah, Wajdy"]
[Result "1-0"]
[WhiteElo "2249"]
[BlackElo "2226"]
[PlyCount "105"]
[EventDate "2010.01.26"]
[EventType "tourn"]
[EventRounds "9"]
[EventCountry "CAN"]

1. e4 e6 2. d4 d5 3. Nd2 Be7 4. Bd3 Nc6 5. c3 dxe4 6. Nxe4 e5 7. Ne2 exd4 8.
Nxd4 Nxd4 9. cxd4 Nf6 10. O-O O-O 11. Be3 Qd5 12. Nc3 Qa5 13. h3 c6 14. Qf3 Be6
15. a3 Rad8 16. b4 Qh5 17. Qxh5 Nxh5 18. d5 cxd5 19. Bxa7 Nf4 20. Rfd1 Bf6 21.
Rac1 Ra8 22. Bc5 Rfc8 23. Nb5 b6 24. Be3 Rxc1 25. Bxc1 Nxd3 26. Rxd3 Rc8 27.
Be3 Be5 28. g3 Bxh3 29. Rxd5 f6 30. Bxb6 Rc1+ 31. Kh2 Bf5 32. Be3 Rb1 33. Nd6
Be6 34. Rd2 Rb3 35. Nb5 Bg4 36. Kg2 Bb2 37. Nd4 Bxd4 38. Rxd4 Be2 39. a4 h5 40.
b5 Kh7 41. b6 Ba6 42. Rd7 Bc4 43. a5 Bb5 44. Rc7 Bd3 45. Kf3 f5 46. Kf4 Rb4+
47. Ke5 Rb5+ 48. Rc5 Rb3 49. Kd6 Kg6 50. Kc7 Ba6 51. Kb8 Bf1 52. Ka7 Bg2 53. a6
1-0

[Event "Toronto Closed"]
[Site "Toronto CAN"]
[Date "2010.02.23"]
[Round "5"]
[White "Plotkin, Victor"]
[Black "Frilles, Ruperto"]
[Result "1-0"]
[WhiteElo "2384"]
[BlackElo "2192"]
[PlyCount "197"]
[EventDate "2010.01.26"]
[EventType "tourn"]
[EventRounds "9"]
[EventCountry "CAN"]

1. Nf3 Nf6 2. d4 g6 3. Nc3 Bg7 4. e4 d6 5. h3 O-O 6. Be3 Nc6 7. Be2 a6 8. a4 a5
9. O-O Nb4 10. Qd2 Re8 11. Rad1 b6 12. e5 Nfd5 13. Nxd5 Nxd5 14. Bh6 Nb4 15. c3
Na6 16. Qf4 Rf8 17. Qh4 f6 18. Rfe1 Nb8 19. exf6 exf6 20. Bc4+ d5 21. Bb3 c6
22. Re3 Ra7 23. Rde1 Bf5 24. g4 Bc8 25. Bxg7 Kxg7 26. Qg3 Na6 27. Nh4 Raf7 28.
Bc2 Nc7 29. f4 Ne8 30. f5 g5 31. Nf3 Nd6 32. Bd3 c5 33. h4 h6 34. R1e2 Bb7 35.
Nd2 cxd4 36. cxd4 Ne4 37. Qg2 Re7 38. Nf3 Bc6 39. b3 Rfe8 40. Rc2 Qd6 41. Qh2
Bb7 42. Qxd6 Nxd6 43. Rxe7+ Rxe7 44. hxg5 hxg5 45. Kf2 Ne4+ 46. Kg2 Nd6 47. Kf2
Ne4+ 48. Kg2 Nd6 49. Re2 Rxe2+ 50. Bxe2 Bc6 51. Kf2 Kf7 52. Ke3 b5 53. axb5
Nxb5 54. Nd2 Ke7 55. Nb1 Kd6 56. Bf3 Kc7 57. Kd3 Kb6 58. Nd2 Nd6 59. Nb1 Nb5
60. Ke3 Kc7 61. Nd2 Nd6 62. Nf1 Kb6 63. Kd2 Nb5 64. Kd3 Nc7 65. Ne3 Kb5 66. Kc3
Kb6 67. Kb2 Kb5 68. Nd1 Kb6 69. Ne3 Kb5 70. Nd1 Kb6 71. Ne3 Kb5 72. Kc2 Kb4 73.
Kb2 Kb5 74. Kc3 Kb6 75. Nf1 Nb5+ 76. Kd3 Nc7 77. Ng3 Ne8 78. Nh5 Kb5 79. Kc3
Kb6 80. b4 axb4+ 81. Kxb4 Bb7 82. Bd1 Bc6 83. Bb3 Bb7 84. Ba4 Bc6 85. Bxc6 Kxc6
86. Ka5 Kd6 87. Kb6 Ke7 88. Kc6 Kd8 89. Kxd5 Kd7 90. Kc5 Kc7 91. Ng3 Nd6 92.
Kd5 Kd7 93. Ne4 Ne8 94. Kc5 Ke7 95. d5 Kd7 96. d6 Kd8 97. Kc6 Ng7 98. Nxf6 Ne6
99. fxe6 1-0

[Event "Toronto Closed"]
[Site "Toronto CAN"]
[Date "2010.02.23"]
[Round "5"]
[White "Semyonov, Vladimir"]
[Black "Kleinman, Michael"]
[Result "1-0"]
[WhiteElo "2053"]
[BlackElo "2154"]
[PlyCount "57"]
[EventDate "2010.01.26"]
[EventType "tourn"]
[EventRounds "9"]
[EventCountry "CAN"]

1. d4 Nf6 2. Bg5 g6 3. Bxf6 exf6 4. e3 Bg7 5. Ne2 f5 6. Nf4 d6 7. h4 Nd7 8. h5
g5 9. h6 Bf8 10. Nh5 Nf6 11. Bc4 Bxh6 12. Nc3 c6 13. d5 Rg8 14. dxc6 bxc6 15.
Qd3 Rg6 16. O-O-O Ng4 17. Qd2 Ne5 18. Bb3 Ba6 19. Ng3 Qf6 20. Qd4 Rb8 21. Qxa7
Rxb3 22. axb3 Bc8 23. Qc7 Bd7 24. Kb1 d5 25. Qb8+ Ke7 26. Rxd5 Ng4 27. Nxf5+
Bxf5 28. Qd8+ Ke6 29. Qd7# 1-0

[Event "Toronto Closed"]
[Site "Toronto CAN"]
[Date "2010.03.02"]
[Round "6"]
[White "Barron, Michael"]
[Black "Plotkin, Victor"]
[Result "0-1"]
[WhiteElo "2368"]
[BlackElo "2384"]
[PlyCount "62"]
[EventDate "2010.01.26"]
[EventType "tourn"]
[EventRounds "9"]
[EventCountry "CAN"]

1. e4 e6 2. d4 d5 3. Nd2 c5 4. Ngf3 Nc6 5. exd5 exd5 6. Bb5 Bd6 7. O-O c4 8. c3
Nge7 9. Re1 O-O 10. Nf1 Ng6 11. Ba4 Qc7 12. Ne3 Be6 13. Bc2 Nce7 14. g3 h6 15.
Kg2 Qd7 16. h4 f5 17. h5 f4 18. Nf1 fxg3 19. Rxe6 Qxe6 20. hxg6 gxf2 21. Ne5
Bxe5 22. dxe5 Nxg6 23. Qh5 Nxe5 24. Ng3 f1=Q+ 25. Nxf1 Ng4 26. Bd2 Qe2+ 27. Kg1
Qf2+ 28. Kh1 Qf3+ 29. Kg1 Rae8 30. Qg6 Qf2+ 31. Kh1 Qh4+ 0-1

[Event "Toronto Closed"]
[Site "Toronto CAN"]
[Date "2010.03.23"]
[Round "6"]
[White "Calugar, Arthur"]
[Black "Semyonov, Vladimir"]
[Result "1-0"]
[WhiteElo "2340"]
[BlackElo "2053"]
[PlyCount "73"]
[EventDate "2010.01.26"]
[EventType "tourn"]
[EventRounds "9"]
[EventCountry "CAN"]

1. b3 e5 2. Bb2 Nc6 3. e3 Nf6 4. Bb5 Bd6 5. Na3 Na5 6. Be2 a6 7. c4 O-O 8. Nc2
Nc6 9. d4 exd4 10. exd4 b6 11. Nf3 Re8 12. O-O Bb7 13. Ne3 Bf4 14. d5 Ne5 15.
Nf5 Nxf3+ 16. Bxf3 Be5 17. Qd2 Bxb2 18. Qxb2 d6 19. Rae1 Bc8 20. Nd4 Bd7 21.
Qd2 h6 22. h3 Rxe1 23. Rxe1 Qf8 24. Ne6 Qc8 25. Nd4 Qf8 26. b4 Re8 27. Rc1 Qe7
28. c5 dxc5 29. bxc5 Ne4 30. Bxe4 Qxe4 31. Nb3 Ba4 32. d6 cxd6 33. cxb6 Qe6 34.
b7 Rb8 35. Na5 d5 36. Qf4 Qe8 37. Qxb8 1-0

[Event "Toronto Closed"]
[Site "Toronto CAN"]
[Date "2010.03.02"]
[Round "6"]
[White "Frilles, Ruperto"]
[Black "Kimelman, Michael"]
[Result "1-0"]
[WhiteElo "2192"]
[BlackElo "2249"]
[PlyCount "89"]
[EventDate "2010.01.26"]
[EventType "tourn"]
[EventRounds "9"]
[EventCountry "CAN"]

1. e4 c5 2. c4 Nc6 3. Nc3 g6 4. g3 Bg7 5. Bg2 d6 6. d3 h5 7. h3 b6 8. e5 Bb7 9.
exd6 Qxd6 10. Nge2 Rd8 11. O-O Nh6 12. Bf4 Qxd3 13. Qa4 Qd7 14. Rad1 Nd4 15.
Rxd4 cxd4 16. Bxb7 Qxa4 17. Nxa4 O-O 18. Rd1 Nf5 19. Nc1 Nd6 20. Bxd6 Rxd6 21.
Nd3 Rd7 22. Be4 Rc8 23. b3 e6 24. f4 f5 25. Bf3 Kf7 26. Re1 Rdc7 27. Nab2 Bf8
28. b4 Kf6 29. g4 hxg4 30. hxg4 g5 31. gxf5 exf5 32. fxg5+ Kxg5 33. Kf2 Kf6 34.
Nf4 Rh7 35. Nh5+ Kg5 36. Rg1+ Kh6 37. Nf4 Rd7 38. Bd5 Rb8 39. Nbd3 Bd6 40. Rg6+
Kh7 41. Rg5 b5 42. c5 Bxf4 43. Nxf4 a5 44. Be6 Re7 45. Bxf5+ 1-0

[Event "Toronto Closed"]
[Site "Toronto CAN"]
[Date "2010.03.02"]
[Round "6"]
[White "Kleinman, Michael"]
[Black "Casareno, Erwin"]
[Result "1-0"]
[WhiteElo "2154"]
[BlackElo "2181"]
[PlyCount "55"]
[EventDate "2010.01.26"]
[EventType "tourn"]
[EventRounds "9"]
[EventCountry "CAN"]

1. e4 c5 2. Nc3 Nc6 3. Bb5 e6 4. Bxc6 bxc6 5. d3 d5 6. f4 g6 7. Nf3 Bg7 8. O-O
Qb6 9. Na4 Qb5 10. c4 dxc4 11. dxc4 Qxc4 12. Be3 Qxe4 13. Bxc5 Ba6 14. Rf2 Bb5
15. Nc3 Qc4 16. Bd6 Rd8 17. Ne5 Bxe5 18. fxe5 Qd3 19. Qg4 Rd7 20. Qxe6+ Kd8 21.
Rxf7 Ne7 22. Bxe7+ Kc8 23. Bd6 Rhd8 24. Rxd7 Rxd7 25. Nxb5 Qxb5 26. Rf1 c5 27.
Rf8+ Kb7 28. Rb8+ 1-0

[Event "Toronto Closed"]
[Site "Toronto CAN"]
[Date "2010.03.22"]
[Round "6"]
[White "Sapozhnikov, Roman"]
[Black "Shebetah, Wajdy"]
[Result "1-0"]
[WhiteElo "2456"]
[BlackElo "2226"]
[PlyCount "51"]
[EventDate "2010.01.26"]
[EventType "tourn"]
[EventRounds "9"]
[EventCountry "CAN"]

1. e4 e6 2. d4 d5 3. Nc3 Nf6 4. e5 Nfd7 5. f4 c5 6. Nf3 Nc6 7. Be3 a6 8. Qd2 b5
9. a3 g5 10. fxg5 cxd4 11. Nxd4 Ndxe5 12. Be2 Bg7 13. Nxc6 Nxc6 14. Bc5 Qc7 15.
O-O Bb7 16. Bxb5 Be5 17. Be2 Bxh2+ 18. Kh1 Be5 19. Bh5 Nd8 20. b4 Rg8 21. Rae1
Rg7 22. Qe3 Bg3 23. Bd4 Rg8 24. Bxf7+ Nxf7 25. Qxe6+ Kd8 26. Bf6+ 1-0

[Event "Toronto Closed"]
[Site "Toronto CAN"]
[Date "2010.03.09"]
[Round "7"]
[White "Casareno, Erwin"]
[Black "Calugar, Arthur"]
[Result "1/2-1/2"]
[WhiteElo "2181"]
[BlackElo "2340"]
[PlyCount "81"]
[EventDate "2010.01.26"]
[EventType "tourn"]
[EventRounds "9"]
[EventCountry "CAN"]

1. e4 c5 2. Nf3 Nc6 3. d4 cxd4 4. Nxd4 e6 5. Nc3 Qc7 6. Be3 a6 7. Be2 Nf6 8.
O-O Bb4 9. Nxc6 Qxc6 10. Bf3 Bxc3 11. bxc3 e5 12. Qd3 d6 13. Rfd1 Ke7 14. Rab1
Rd8 15. Rb6 Qc7 16. h3 Be6 17. Rdb1 Rab8 18. a4 Nd7 19. R6b4 Ba2 20. R1b2 Nc5
21. Qd2 a5 22. Rxa2 axb4 23. cxb4 Ne6 24. a5 Qc4 25. c3 Rdc8 26. Rc2 Nd4 27.
Bxd4 exd4 28. Be2 Qb3 29. c4 b5 30. axb6 Rxb6 31. c5 dxc5 32. Qg5+ Kf8 33. Rxc5
Re8 34. Bb5 Rg6 35. Qf5 d3 36. Rc8 Rxc8 37. Qxc8+ Ke7 38. Qd7+ Kf6 39. Qf5+ Ke7
40. Qd7+ Kf6 41. Qf5+ 1/2-1/2

[Event "Toronto Closed"]
[Site "Toronto CAN"]
[Date "2010.03.09"]
[Round "7"]
[White "Kimelman, Michael"]
[Black "Barron, Michael"]
[Result "0-1"]
[WhiteElo "2249"]
[BlackElo "2368"]
[PlyCount "60"]
[EventDate "2010.01.26"]
[EventType "tourn"]
[EventRounds "9"]
[EventCountry "CAN"]

1. e4 e5 2. Nf3 Nc6 3. d4 exd4 4. Nxd4 Bc5 5. Be3 Qf6 6. c3 Nge7 7. Bc4 Ne5 8.
Be2 d5 9. O-O O-O 10. Nd2 Bb6 11. Kh1 Rd8 12. f4 N5c6 13. e5 Qh6 14. N2f3 Nxd4
15. Nxd4 c5 16. Nb3 Nf5 17. Bf2 Qxf4 18. Bxc5 Qxe5 19. Bxb6 axb6 20. Bf3 Be6
21. Qd3 d4 22. Bxb7 dxc3 23. Qxc3 Qxc3 24. bxc3 Ra4 25. Rad1 Rxd1 26. Rxd1 Kf8
27. Rd2 Bxb3 28. g4 Ne3 29. Bc6 Rxa2 30. Rd8+ Ke7 0-1

[Event "Toronto Closed"]
[Site "Toronto CAN"]
[Date "2010.03.09"]
[Round "7"]
[White "Plotkin, Victor"]
[Black "Kleinman, Michael"]
[Result "1/2-1/2"]
[WhiteElo "2384"]
[BlackElo "2154"]
[PlyCount "81"]
[EventDate "2010.01.26"]
[EventType "tourn"]
[EventRounds "9"]
[EventCountry "CAN"]

1. Nf3 Nf6 2. d4 g6 3. g3 Bg7 4. Bg2 O-O 5. O-O d6 6. c3 Nc6 7. Na3 e5 8. dxe5
dxe5 9. Qxd8 Rxd8 10. Nb5 Ne8 11. Bg5 f6 12. Be3 Be6 13. Nd2 Ne7 14. Nb3 c6 15.
Nc5 Bd5 16. Na3 b6 17. Nd3 Nd6 18. Rfd1 Bxg2 19. Kxg2 Nd5 20. Bd2 c5 21. c4 Nc7
22. Rab1 a5 23. f3 Na6 24. Bc3 Nb4 25. Ra1 Nf5 26. Kf2 Bh6 27. Bd2 Rxd3 28.
exd3 Nxd3+ 29. Ke2 Nxb2 30. Bxh6 Nxd1 31. Rxd1 Nxh6 32. Rd6 Nf5 33. Rxf6 Nd4+
34. Ke3 Rf8 35. Rxf8+ Kxf8 36. Nb1 Ke7 37. Nc3 Kd6 38. Ne4+ Ke7 39. Nc3 Kd6 40.
Ne4+ Ke7 41. Nc3 1/2-1/2

[Event "Toronto Closed"]
[Site "Toronto CAN"]
[Date "2010.03.30"]
[Round "7"]
[White "Semyonov, Vladimir"]
[Black "Sapozhnikov, Roman"]
[Result "1/2-1/2"]
[WhiteElo "2053"]
[BlackElo "2456"]
[PlyCount "55"]
[EventDate "2010.01.26"]
[EventType "tourn"]
[EventRounds "9"]
[EventCountry "CAN"]

1. c4 Nf6 2. g3 g6 3. Bg2 Bg7 4. Nc3 O-O 5. e4 c5 6. Nge2 Nc6 7. d3 d6 8. O-O
Bg4 9. h3 Bxe2 10. Nxe2 Nd7 11. Rb1 Rb8 12. Be3 a6 13. Qd2 Qc7 14. Bh6 Bxh6 15.
Qxh6 Nb4 16. Nf4 Nxa2 17. h4 Nb4 18. h5 Ne5 19. hxg6 hxg6 20. Bh3 Qd8 21. Nh5
gxh5 22. Bf5 Ng6 23. Bxg6 fxg6 24. Qxg6+ Kh8 25. Qh6+ Kg8 26. Qg6+ Kh8 27. Qh6+
Kg8 28. Qg6+ 1/2-1/2

[Event "Toronto Closed"]
[Site "Toronto CAN"]
[Date "2010.03.09"]
[Round "7"]
[White "Shebetah, Wajdy"]
[Black "Frilles, Ruperto"]
[Result "1-0"]
[WhiteElo "2226"]
[BlackElo "2192"]
[PlyCount "59"]
[EventDate "2010.01.26"]
[EventType "tourn"]
[EventRounds "9"]
[EventCountry "CAN"]

1. e4 c5 2. c3 Nf6 3. e5 Nd5 4. g3 e6 5. Bg2 Be7 6. f4 O-O 7. Nf3 Nc6 8. O-O d6
9. exd6 Qxd6 10. Na3 Rd8 11. Qe2 a6 12. Nc4 Qc7 13. a4 b6 14. Nfe5 Bb7 15. Nxc6
Bxc6 16. Ne5 Bb7 17. d3 Rab8 18. f5 Bf6 19. Ng4 h5 20. Nxf6+ Nxf6 21. Bf4 e5
22. Bxe5 Qe7 23. Rfe1 Re8 24. Bxb8 Qd7 25. Be5 Ng4 26. Bxb7 Qxb7 27. Qg2 Qe7
28. h3 Nxe5 29. d4 cxd4 30. cxd4 1-0